000 00420nam a2200181Ia 4500
001 8159
005 20260306160548.0
008 260306t2006||||xx |||||||||||||| ||spa||
041 _aESP
082 _a370.115
_bB74
100 _aBórquez Bustos, Rodolfo
_eAUT
245 0 _aPedagogía crítica
260 _c2006
300 _a200 páginas :
_c23 cm.
650 _aGEN
654 _aCED
942 _cLIB
_dJUS
_fJUS
_2ddc
_n
999 _c8159
_d8159